Métodos cualitativos y cuantitativos en investigación evaluativa /
Gespeichert in:
| 1. Verfasser: | |
|---|---|
| Weitere Verfasser: | |
| Format: | Unbekannt |
| Veröffentlicht: |
Madrid:
Ediciones Morata
|
| Schlagworte: | |
| Tags: |
Tag hinzufügen
Keine Tags, Fügen Sie den ersten Tag hinzu!
|
MARC
| LEADER | 00000 a2200000 04500 | ||
|---|---|---|---|
| 001 | 18560 | ||
| 003 | |||
| 008 | 991231s d | ||
| 040 | |||
| 090 | |a 143506 | ||
| 100 | |a Cook, Thomas D. | ||
| 245 | |a Métodos cualitativos y cuantitativos en investigación evaluativa / |c Thomas D. Cook | ||
| 260 | |a Madrid: |b Ediciones Morata | ||
| 300 | |a 228 p. | ||
| 650 | |a METODOLOGIA | ||
| 650 | |a METODOS DE INVESTIGACION | ||
| 650 | |a INVESTIGACION | ||
| 700 | |a Reichardt, Charles S. | ||
| 999 | |c 14467 |d 14467 | ||
